000 01164nam0a22002651 4500
001 rc\622017
005 20031121164126.2
035 _a(NLR Aleph) 005864901
090 _a5917703
_c5917703
100 _a20031121d1986 u |0rusy50 ca
101 0 _arus
102 _aRU
105 _aa |||||||||
200 1 _aЗАВИСЯЩИЙ от энергии фазовый анализ упругого рассеяния малонуклонных ядер со спином I и О на основе Паде-параметризации амплитуд. Метод и комплекс программ
_fЛ.Н. Бровкина, Л.С. Дулькова, В.М. Краснопольский и др.
_g[Науч. ред. О.С. Королев]
210 _aМ.
_cИЯИ
_d1986
215 _a14 с.
_cил.
_d29
225 1 _aПрепринт
_fАН СССР, Ин-т ядер. исслед.
_vП-0493
320 _aБиблиогр.: с. 14
701 1 _aБровкина
_bЛ. Н.
702 1 _aКоролев
_bО. С.
_gОлег Сергеевич
_4340
801 0 _aRU
_bNLR
_gpsbo
801 1 _aRU
_bELAR
_2rusmarc
852 _aNLR
_j88-8/94
942 _cBOOK
980 _aNB